| 000 | 00605nam a2200205Ia 4500 | ||
|---|---|---|---|
| 003 | GCL | ||
| 008 | 140319s9999 xx 000 0 ara d | ||
| 040 |
_aGCL / _cGCL |
||
| 082 | 0 | 4 |
_a502 _bم ك |
| 100 | 1 | _aمحمود حمدى احمد ذكى (مترجم) | |
| 245 | 1 | 0 |
_aكم من البشر ستطعم الارض / _cمحمود حمدى احمد ذكى (مترجم) |
| 700 | 1 | _aمحمد انيس (مراجع) | |
| 700 | 1 | _aمالين, ك | |
| 300 | _a159 ص | ||
| 490 |
_aالالف كتاب _v0 |
||
| 650 | 0 | 4 | _aالعلوم |
| 650 | 0 | 4 | _aالطاقة |
| 650 | 0 | 4 | _aالارض |
| 942 |
_2ddc _cBK |
||
| 999 |
_c42843 _d42843 |
||